Normal view
MARC view
- Valikenberg, Van M E
Entry Personal Name
001 - CONTROL NUMBER
- control field: 6886
003 - CONTROL NUMBER IDENTIFIER
- control field: OSt
005 - DATE AND TIME OF LATEST TRANSACTION
- control field: 20250108161304.0
008 - FIXED-LENGTH DATA ELEMENTS
- fixed length control field: 250108|| aca||aabn | a|a d
040 ## - CATALOGING SOURCE
- Original cataloging agency: OSt
- Transcribing agency: OSt
100 ## - HEADING--PERSONAL NAME
- Personal name: Valikenberg, Van M E
670 ## - SOURCE DATA FOUND
- Source citation: Work cat.: (OSt)11035: Valikenberg, Van M E ., Net work analysis / , 1962.
